000 00644nam a2200241Ia 4500
003 OSt
005 20220926012650.0
006 a|||||r|||| 00| 0
007 ta
008 220923b |||||||| |||| 00| 0 eng d
037 _cGeneral Book
040 _aRTL
_cRTL
_beng
041 _2eng
_aeng
082 _aY9(W), K4
100 _aApter David E Ed.
_915970
245 0 _aIdeology and discontent
260 _aNew York
_bFree Press
_c1964
300 _a342p
_ccm.
500 _aBibliography: P 329-64
650 _aPolitical Sociology
942 _hY9(W), K4
_cGB
_2CC
999 _c623918
_d623918